| 000 | 00453 a2200169 4500 | ||
|---|---|---|---|
| 001 | 131330 | ||
| 003 | OSt | ||
| 005 | 20210913095350.0 | ||
| 008 | |||
| 082 |
_a832.6 _bB43P |
||
| 100 | 1 | _aBennett, Chris | |
| 245 | 1 |
_aPractical wap : developing applications for the wireless web _cby Chris Bennett |
|
| 260 |
_aUk _bCambridge university press _c2001 |
||
| 300 | _a424p. | ||
| 690 | _aWireless web; | ||
| 942 |
_2ddc _cBK |
||
| 999 |
_c5850 _d5850 |
||